000 00463nam a2200145Ia 4500
003 OSt
005 20260401100043.0
008 211028s2011 xx 000 0 und d
040 _cAIMIT LIBRARY
041 _aeng
100 _aSuraksha K;D Souza, Claret.
_g916112
_96873
245 _aTo assess the market potential of builders and architects in Mangalore for the products of carl F Bangalore /
260 _aBangalore
_bD Souza, Claret
_c2011
942 _2ddc
_cPRO
999 _c218443
_d218443